000 00301nam a22001337a 4500
008 170208b xxu||||| |||| 00| 0 eng d
020 _a9780834209220
041 _aeng
080 _a61
100 _a4
101 _aSHM
245 _aIMPROVING PATIENT SATISFACTION NOW
_cNELSON, A.M
942 _2udc
_cBK
999 _c4919
_d4919